00386nam a2200169Ia 4500003000400000005001700004008004100021020001800062040000700080041000800087082001600095100002100111245002000132260003600152300001500188365001300203OSt20250503155053.0210423s2009 xx 000 0 und d a9788184891928 cAL aeng a515.42 HALM aHALMOS (Paul R). aMeasure theory. aNew YorkbSpringer Verlagc2009 axi,304bPB b595cINR